LDR 01015naa#a2200193#i#450# 001 RU\\bibl\124879 005 20260607035919.7 011 ## _a2073-1574 100 ## _a20260529b2026####ek#y0rusy0150####ca 102 ## _aRU 200 1# _aКонструктивные, структурные и алгоритмические особенности в анализе вентильного электропривода _eЖурнальная статья 210 1# _aАстрахань _cАстраханский государственный технический университет _d2026 215 ## _a8 с. 608 ## _aЖурнальная статья _2local 675 ## _aТехнические средства для эксплуатации и управления судами. 629.5.07 _z 700 #1 _aГерман-Галкин _gСергей Германович 700 #1 _aГришаков _gЕвгений Сергеевич 700 #1 _aСеньков _gАлексей Петрович 856 4# _avestnik.astu.org _u